LEADER 00856nam0-22002771i-450- 001 990004863700403321 005 19990530 035 $a000486370 035 $aFED01000486370 035 $a(Aleph)000486370FED01 035 $a000486370 100 $a19990530g19739999km-y0itay50------ba 101 0 $aita 105 $ay-------001yy 200 1 $a<>theatre of the greeks$eA treatise on the history and exhibition of the greek drama$eWith various supplements$fby John Willialm Donaldson 205 $a7.th ed. rev. 210 $aNew York$cHaskell House$d1973. 215 $aXI, 443 p.$d23 cm 700 1$aDonaldson,$bJohn William$0116318 801 0$aIT$bUNINA$gRICA$2UNIMARC 901 $aBK 912 $a990004863700403321 952 $aXIII 18$bBibl. 48342$fFLFBC 959 $aFLFBC 996 $aTheatre of the greeks$9522464 997 $aUNINA